[Event "Let's Play Chess!"]
[Site "http://www.queenalice.com/game.php?id=1865388"]
[Date "2025.11.10"]
[Round "-"]
[White "nykejog"]
[Black "askasl159"]
[Result "1-0"]
[WhiteElo "1500"]
[BlackElo "1409"]

1. c4 e5 2. Nc3 Nf6 3. g3 Bc5 4. e3 O-O 5. Nf3 Nc6 6. Bg2 d5 7. cxd5 Nxd5 8. O-O
Bf5 9. Nxe5 Nxc3 10. Nxc6 Nxd1 11. Nxd8 Raxd8 12. Rxd1 Bc2 13. Re1 b5 14. a3 a5
15. d4 Bb6 16. Bd2 c5 17. dxc5 Bxc5 18. Bxa5 Rd6 19. Rec1 Bb6 20. Bxb6 Rxb6 21.
Rxc2 Rd8 22. b4 Rbd6 23. Bf1 Rd5 24. Rc5 1-0

[Event "Let's Play Chess!"]
[Site "http://www.queenalice.com/game.php?id=1865462"]
[Date "2025.11.13"]
[Round "-"]
[White "alow_proton"]
[Black "nykejog"]
[Result "0-1"]
[WhiteElo "1500"]
[BlackElo "2198"]

1. e4 c5 2. Nf3 Nc6 3. d4 cxd4 4. Nxd4 Nf6 5. Nc3 g6 6. Bc4 Qa5 7. Nb3 Qc7 8.
Bd3 Bg7 9. O-O d6 10. h3 Be6 11. Be3 a6 12. Rb1 b5 13. a3 O-O 14. f4 b4 15. axb4
Nxb4 16. f5 Bxb3 17. cxb3 Nxd3 18. Qxd3 Rfb8 19. fxg6 hxg6 20. Nd5 Nxd5 21. Qxd5
e6 22. Qd3 Rb4 23. Rf3 Qb7 24. Bd2 Rd4 25. Qf1 Rxd2 26. Qe1 Rxb2 27. Rxb2 Bxb2
28. Qf2 Be5 29. h4 Qxe4 30. Re3 Qd5 31. h5 Bd4 32. hxg6 Bxe3 33. gxf7+ Kf8 34.
Qxe3 Qc5 0-1

[Event "Let's Play Chess!"]
[Site "http://www.queenalice.com/game.php?id=1865502"]
[Date "2025.11.12"]
[Round "-"]
[White "nykejog"]
[Black "alow_proton"]
[Result "1-0"]
[WhiteElo "2198"]
[BlackElo "1500"]

1. c4 e5 2. Nc3 Nf6 3. g3 a6 4. Bg2 Bc5 5. Nf3 Nc6 6. Nxe5 Bxf2+ 7. Kxf2 Nxe5 8.
b3 c6 9. d4 Ng6 10. Rf1 O-O 11. Kg1 d6 12. Bg5 h6 13. Bxf6 gxf6 14. Ne4 f5 15.
Nc3 Qe7 16. Qd2 Qg5 17. e3 Bd7 18. Rae1 Rfe8 19. Qf2 Re7 20. h4 Qf6 21. e4 Rae8
22. Rd1 f4 23. h5 Nf8 24. gxf4 Qg7 25. Rd3 Kh8 26. Rg3 Qh7 27. f5 Bc8 28. f6
Rxe4 29. Bxe4 Rxe4 30. Nxe4 Qxe4 31. Re1 Qf5 32. Qxf5 Bxf5 33. Re8 1-0

[Event "Let's Play Chess!"]
[Site "http://www.queenalice.com/game.php?id=1865503"]
[Date "2025.11.13"]
[Round "-"]
[White "nykejog"]
[Black "Capixaba789"]
[Result "1-0"]
[WhiteElo "1655"]
[BlackElo "1853"]

1. c4 e5 2. Nc3 f5 3. d4 e4 4. h4 Nf6 5. Bg5 Be7 6. e3 O-O 7. Nh3 c5 8. dxc5
Bxc5 9. Bxf6 Qxf6 10. Qd5+ Kh8 11. Qxc5 Nc6 12. O-O-O b6 13. Qa3 a5 14. Nd5 Qf7
15. Ng5 Qe8 16. Nc7 1-0

[Event "Let's Play Chess!"]
[Site "http://www.queenalice.com/game.php?id=1865504"]
[Date "2025.11.13"]
[Round "-"]
[White "nykejog"]
[Black "alow_proton"]
[Result "1-0"]
[WhiteElo "2273"]
[BlackElo "1500"]

1. c4 e5 2. Nc3 Nf6 3. g3 Bc5 4. Bg2 c6 5. e3 a6 6. d4 exd4 7. exd4 Ba7 8. Qe2+
Qe7 9. Bg5 Qxe2+ 10. Ngxe2 Ke7 11. O-O-O h6 12. Bxf6+ Kxf6 13. Rhe1 g6 14. Ne4+
Kg7 15. Nd6 Bb6 16. Nc3 Ba5 17. Re8 Rxe8 18. Nxe8+ Kf8 19. Nd6 Bc7 20. Nxc8 a5
21. c5 Na6 22. Nb6 Bxb6 23. cxb6 d5 24. Na4 Re8 25. Bf1 Nb8 26. Nc5 Re7 27. a4
Ke8 28. b4 Kd8 29. bxa5 Kc8 30. a6 bxa6 31. a5 g5 32. Kc2 g4 33. Nxa6 Nxa6 34.
Bxa6+ Kb8 35. Bd3 Kb7 36. Rb1 1-0

[Event "Let's Play Chess!"]
[Site "http://www.queenalice.com/game.php?id=1865573"]
[Date "2025.11.14"]
[Round "-"]
[White "nykejog"]
[Black "Capixaba789"]
[Result "1-0"]
[WhiteElo "1854"]
[BlackElo "1858"]

1. c4 e5 2. Nc3 f5 3. d4 e4 4. h4 Nf6 5. Bg5 Be7 6. e3 O-O 7. Nh3 d5 8. Nf4 c6
9. cxd5 cxd5 10. Ncxd5 Nxd5 11. Bc4 Kh8 12. Bxd5 Bb4+ 13. Kf1 Qb6 14. a3 Bd6 15.
Ng6+ hxg6 16. h5 Qb5+ 17. Kg1 Qxd5 18. hxg6+ Kg8 19. Rh8+ Kxh8 20. Qh5+ 1-0

[Event "Let's Play Chess!"]
[Site "http://www.queenalice.com/game.php?id=1865574"]
[Date "2025.11.14"]
[Round "-"]
[White "Capixaba789"]
[Black "nykejog"]
[Result "0-1"]
[WhiteElo "1883"]
[BlackElo "2016"]

1. d4 d5 2. Nc3 Nf6 3. f4 c5 4. Nf3 cxd4 5. Qxd4 Nc6 6. Qd1 Bf5 7. a3 g6 8. e3
Bg7 9. Bd3 Ne4 10. O-O O-O 11. Qe1 e6 12. Ne2 Nc5 13. Bxf5 exf5 14. Ng3 Re8 15.
Qf2 Ne4 16. Nxe4 dxe4 17. Ng5 h6 18. Nh3 Rc8 19. Rb1 Qd5 20. b3 b5 21. Bb2 Bxb2
22. Rxb2 Qc5 23. Ra2 Ne7 24. Qe2 Nd5 25. Raa1 Qxe3+ 26. Qxe3 Nxe3 0-1

[Event "AUTO-OPEN-4624"]
[Site "http://www.queenalice.com/game.php?id=1865584"]
[Date "2025.11.15"]
[Round "1"]
[White "josebaron"]
[Black "nykejog"]
[Result "0-1"]
[WhiteElo "2170"]
[BlackElo "2133"]

1. e4 c5 2. Nf3 Nc6 3. Nc3 g6 4. d4 cxd4 5. Nxd4 Nf6 6. Nxc6 dxc6 7. Qxd8+ Kxd8
8. Bc4 Bg7 9. Bxf7 e6 10. Bg5 Kc7 11. Bf4+ Kd7 12. Bg5 Rf8 13. O-O-O+ Kc7 14.
Bf4+ Kb6 15. Na4+ Kb5 16. Nc3+ Ka6 17. Bxg6 hxg6 18. Bd6 Rg8 19. e5 Ne8 20. Ne4
b6 21. Rd3 Bh6+ 22. Kb1 Nxd6 23. exd6 Bd7 24. Nf6 Rg7 25. Nxd7 Rxd7 26. g3 e5
27. Re1 Bg7 0-1

[Event "AUTO-OPEN-4624"]
[Site "http://www.queenalice.com/game.php?id=1865585"]
[Date "2025.11.15"]
[Round "1"]
[White "nykejog"]
[Black "josebaron"]
[Result "1-0"]
[WhiteElo "2060"]
[BlackElo "2170"]

1. c4 e5 2. Nc3 Nf6 3. g3 Bc5 4. Bg2 O-O 5. e3 c6 6. Nge2 d5 7. d4 exd4 8. exd4
Bb4 9. cxd5 Nxd5 10. O-O Nxc3 11. bxc3 Ba5 12. Rb1 Nd7 13. Nf4 Bxc3 14. Rb3 Ba5
15. d5 cxd5 16. Ba3 Re8 17. Rd3 Nf6 18. Nxd5 Kh8 19. Nxf6 Qxf6 20. Qa4 Bf5 21.
Rf3 Bc7 22. Bh3 Re5 23. Bb2 Qb6 24. Bxe5 Bxh3 25. Bd4 Qe6 26. Re3 1-0

[Event "AUTO-OPEN-4624"]
[Site "http://www.queenalice.com/game.php?id=1865612"]
[Date "2025.11.15"]
[Round "1"]
[White "Capixaba789"]
[Black "nykejog"]
[Result "0-1"]
[WhiteElo "1883"]
[BlackElo "2188"]

1. d4 d5 2. Nc3 Nf6 3. f4 c5 4. Nf3 Bf5 5. e3 Nc6 6. a3 e6 7. Bd3 Ne4 8. O-O
Nxc3 9. bxc3 c4 10. Bxf5 exf5 11. a4 h5 12. Ne5 Bd6 13. Ba3 Bxa3 14. Rxa3 Qd6
15. Ra1 Ne7 16. Rf3 f6 17. Nxc4 dxc4 18. Rg3 h4 19. Rxg7 Kf8 20. Rxe7 Kxe7 21.
Qf3 b6 22. h3 Rae8 23. e4 fxe4 24. Qxe4+ Kf7 25. Qf3 Qe6 0-1

[Event "AUTO-OPEN-4624"]
[Site "http://www.queenalice.com/game.php?id=1865613"]
[Date "2025.11.15"]
[Round "1"]
[White "nykejog"]
[Black "Capixaba789"]
[Result "1-0"]
[WhiteElo "1955"]
[BlackElo "1858"]

1. c4 d5 2. cxd5 Qxd5 3. Nc3 Qd8 4. Nf3 Nc6 5. d4 e6 6. e4 Nf6 7. h3 Be7 8. Be3
O-O 9. a3 b6 10. Qc2 Bb7 11. Rd1 Qe8 12. d5 exd5 13. exd5 Nd8 14. Bc4 Bc5 15.
O-O Bd6 16. Bd4 Ne4 17. Nxe4 f5 18. Rfe1 fxe4 19. Rxe4 Qg6 20. Rg4 Qxc2 21.
Rxg7+ Kh8 22. Rg6+ 1-0

[Event "AUTO-OPEN-4624"]
[Site "http://www.queenalice.com/game.php?id=1865632"]
[Date "2025.11.15"]
[Round "1"]
[White "nykejog"]
[Black "Pin"]
[Result "1-0"]
[WhiteElo "2198"]
[BlackElo "2012"]

1. c4 Nf6 2. Nc3 e5 3. g3 Bc5 4. Bg2 c6 5. e4 O-O 6. Nge2 d6 7. O-O Be6 8. b3
Na6 9. d4 exd4 10. Nxd4 Bg4 11. Qd2 Bb4 12. a3 Bc5 13. b4 Bxd4 14. Qxd4 Nc7 15.
h3 Ne6 16. Qd3 Bh5 17. g4 Bg6 18. f4 1-0

[Event "AUTO-OPEN-4624"]
[Site "http://www.queenalice.com/game.php?id=1865633"]
[Date "2025.11.15"]
[Round "1"]
[White "Pin"]
[Black "nykejog"]
[Result "0-1"]
[WhiteElo "2012"]
[BlackElo "2273"]

1. e4 c5 2. Nc3 Nc6 3. f4 g6 4. Nf3 Bg7 5. Bb5 Nd4 6. Bc4 Nh6 7. d3 O-O 8. O-O
e6 9. e5 d6 10. exd6 Nhf5 11. Ne4 b5 12. Bb3 Bb7 13. Nxd4 Bxd4+ 14. Kh1 c4 15.
c3 Bb6 16. Bc2 Nh4 17. Qg4 cxd3 18. Bxd3 f5 0-1

[Event "Let's Play Chess!"]
[Site "http://www.queenalice.com/game.php?id=1865674"]
[Date "2025.11.18"]
[Round "-"]
[White "nykejog"]
[Black "alow_proton"]
[Result "1-0"]
[WhiteElo "2292"]
[BlackElo "1634"]

1. c4 e5 2. Nc3 Nf6 3. g3 Bc5 4. Bg2 c6 5. e3 d6 6. Nge2 Be6 7. b3 a6 8. d4 Bb4
9. Bb2 O-O 10. O-O Nbd7 11. h3 Ne8 12. f4 f6 13. d5 cxd5 14. Bxd5 Bxd5 15. Qxd5+
Kh8 16. Qxb7 Bc5 17. Qf3 Qb6 18. Qxa8 Bxe3+ 19. Kh1 Nc7 20. Qg2 Nc5 21. Nd1 Nd3
22. Nxe3 Nxb2 23. Qe4 Re8 24. Ng2 exf4 25. Qc2 Qc6 26. Rxf4 g5 27. Rxf6 Qe4 28.
Qxb2 Qe5 29. Qxe5 Rxe5 30. Rxd6 Rxe2 31. Rd8+ 1-0

[Event "Let's Play Chess!"]
[Site "http://www.queenalice.com/game.php?id=1865697"]
[Date "2025.11.18"]
[Round "-"]
[White "alow_proton"]
[Black "nykejog"]
[Result "0-1"]
[WhiteElo "1623"]
[BlackElo "2292"]

1. e4 c5 2. Nf3 Nc6 3. Bb5 Nf6 4. Nc3 Qc7 5. d3 g6 6. Be3 d6 7. h3 Bg7 8. a3 O-O
9. O-O Qb6 10. Rb1 Nd4 11. Bc4 e6 12. Bf4 Nh5 13. Bd2 f5 14. Ng5 fxe4 15. dxe4
h6 16. Nf3 Nxf3+ 17. gxf3 Qd8 18. Kg2 Qh4 19. Ne2 d5 20. Bb3 c4 21. Ba2 dxe4 22.
fxe4 e5 23. Ng1 Be6 24. Qe2 Rac8 25. Rbe1 Nf4+ 26. Bxf4 exf4 27. Qf3 g5 28. e5
g4 29. hxg4 Bxg4 30. Qe4 f3+ 0-1

[Event "Let's Play Chess!"]
[Site "http://www.queenalice.com/game.php?id=1865703"]
[Date "2025.11.18"]
[Round "-"]
[White "nykejog"]
[Black "alow_proton"]
[Result "1-0"]
[WhiteElo "2292"]
[BlackElo "1634"]

1. c4 e5 2. Nc3 Nf6 3. g3 Bc5 4. Bg2 c6 5. Nf3 Qe7 6. d4 exd4 7. Nxd4 d6 8. O-O
O-O 9. e4 Bg4 10. Qd2 Nbd7 11. h3 Bxd4 12. Qxd4 c5 13. Qd2 Be6 14. b3 Nb6 15. f4
Rfd8 16. Bb2 Rab8 17. Rae1 a6 18. g4 Ne8 19. f5 Bd7 20. Nd5 Nxd5 21. exd5 Qh4
22. f6 Nxf6 23. g5 Ne8 24. Re4 Qh5 25. Re7 h6 26. Rfxf7 Qxg5 27. Qc3 Bxh3 28.
Rxg7+ Nxg7 29. Rxg7+ 1-0

[Event "Let's Play Chess!"]
[Site "http://www.queenalice.com/game.php?id=1866039"]
[Date "2025.11.25"]
[Round "-"]
[White "nykejog"]
[Black "alow_proton"]
[Result "1/2-1/2"]
[WhiteElo "2233"]
[BlackElo "1791"]

1. c4 e5 2. Nc3 Bc5 3. e3 d6 4. d4 Bb6 5. dxe5 dxe5 6. Qxd8+ Kxd8 7. b3 Nc6 8.
Ba3 Ba5 9. O-O-O+ Ke8 10. Nd5 Nce7 11. b4 Nxd5 12. Rxd5 1/2-1/2

[Event "Let's Play Chess!"]
[Site "http://www.queenalice.com/game.php?id=1866348"]
[Date "2025.11.29"]
[Round "-"]
[White "nykejog"]
[Black "Capixaba789"]
[Result "1-0"]
[WhiteElo "2233"]
[BlackElo "1790"]

1. c4 d5 2. d4 Nf6 3. g3 e6 4. Bg2 Bb4+ 5. Bd2 Bxd2+ 6. Nxd2 c6 7. Qc2 O-O 8.
Rc1 Nbd7 9. Ngf3 dxc4 10. Nxc4 Nb6 11. Nce5 Bd7 12. O-O Nc8 13. Nd2 Nb6 14. Nb3
Nbd5 15. e4 Nb4 16. Qc5 a5 17. a3 Na6 18. Qxa5 Qxa5 19. Nxa5 Bc8 20. Nec4 Rb8
21. Rfd1 Bd7 22. Nb6 Rfd8 23. d5 exd5 24. exd5 Nxd5 25. Bxd5 cxd5 26. Rxd5 Be6
27. Rxd8+ Rxd8 28. Nxb7 Rb8 29. Rd1 h6 30. Rd8+ Rxd8 31. Nxd8 Bb3 32. Kf1 g5 33.
Nc6 Nc5 34. Nd4 Ba2 35. b4 Nd3 36. Ke2 Ne5 37. a4 1-0

[Event "Let's Play Chess!"]
[Site "http://www.queenalice.com/game.php?id=1866479"]
[Date "2025.12.3"]
[Round "-"]
[White "alow_proton"]
[Black "nykejog"]
[Result "0-1"]
[WhiteElo "1907"]
[BlackElo "2233"]

1. e4 c5 2. Nf3 Nc6 3. d4 cxd4 4. Nxd4 Nf6 5. Nc3 g6 6. Bc4 Qa5 7. O-O Bg7 8.
Be3 O-O 9. a3 Ng4 10. Nb3 Nxe3 11. fxe3 Qg5 12. Qe1 d6 13. Rb1 Bd7 14. Nd5 e6
15. Nf4 Rac8 16. Bd3 Ne5 17. Nd4 Qh6 18. Nf3 Nxd3 19. cxd3 g5 20. Nxg5 Qxg5 21.
Rf3 Qc5 22. Rf2 f5 23. b4 Qc3 24. Qxc3 Rxc3 25. Ra2 fxe4 26. Rd1 Rxf4 27. exf4
exd3 28. a4 e5 29. g3 Bg4 30. Re1 Rc2 31. Rxc2 dxc2 32. Rc1 Bd1 33. Kf1 exf4 34.
Ke1 Bc3+ 0-1